Other Open Access

Data and code publication: Aperiodic clustered and periodic hexagonal vegetation spot arrays explained by inhomogeneous environments and climate trends in arid ecosystems.

Pinto Ramos, David Ignacio; Clerc, Marcel G.; Makhoute, Abdelkader; Tlidi, Mustapha


MARC21 XML Export

<?xml version='1.0' encoding='UTF-8'?>
<record xmlns="http://www.loc.gov/MARC21/slim">
  <leader>00000nam##2200000uu#4500</leader>
  <datafield tag="773" ind1=" " ind2=" ">
    <subfield code="a">https://www.hzdr.de/publications/Publ-41865</subfield>
    <subfield code="i">isIdenticalTo</subfield>
    <subfield code="n">url</subfield>
  </datafield>
  <datafield tag="773" ind1=" " ind2=" ">
    <subfield code="a">https://www.hzdr.de/publications/Publ-41864</subfield>
    <subfield code="i">isReferencedBy</subfield>
    <subfield code="n">url</subfield>
  </datafield>
  <datafield tag="773" ind1=" " ind2=" ">
    <subfield code="a">10.14278/rodare.3982</subfield>
    <subfield code="i">isVersionOf</subfield>
    <subfield code="n">doi</subfield>
  </datafield>
  <datafield tag="700" ind1=" " ind2=" ">
    <subfield code="a">Clerc, Marcel G.</subfield>
    <subfield code="u">Departamento de Física and Millennium Institute for Research in Optics, Facultad de Ciencias Físicas y Matemáticas, Universidad de Chile, Casilla 487-3, Santiago, Chile</subfield>
  </datafield>
  <datafield tag="700" ind1=" " ind2=" ">
    <subfield code="a">Makhoute, Abdelkader</subfield>
    <subfield code="u">Faculté des Sciences, Université Moulay Ismail, Dynamique des Systèmes Complexes, B.P. 11201, Zitoune, Meknès, Morocco</subfield>
  </datafield>
  <datafield tag="700" ind1=" " ind2=" ">
    <subfield code="a">Tlidi, Mustapha</subfield>
    <subfield code="u">Faculté des Sciences, Université Libre de Bruxelles (U.L.B), CP. 231,  Campus Plaine, B-1050 Bruxelles, Belgium</subfield>
  </datafield>
  <datafield tag="980" ind1=" " ind2=" ">
    <subfield code="a">user-rodare</subfield>
  </datafield>
  <datafield tag="520" ind1=" " ind2=" ">
    <subfield code="a">&lt;p&gt;This data and code archive contains the following: .- Image data of vegetation cover showed in the associated paper. .- Numerical simulation data aggregated. .- Code to perform the numerical simulations and obtain raw simulation data. .- Code to analize the simulation data.&lt;/p&gt;</subfield>
  </datafield>
  <controlfield tag="005">20250924061237.0</controlfield>
  <datafield tag="980" ind1=" " ind2=" ">
    <subfield code="a">other</subfield>
  </datafield>
  <controlfield tag="001">3983</controlfield>
  <datafield tag="650" ind1="1" ind2="7">
    <subfield code="a">cc-by</subfield>
    <subfield code="2">opendefinition.org</subfield>
  </datafield>
  <datafield tag="100" ind1=" " ind2=" ">
    <subfield code="a">Pinto Ramos, David Ignacio</subfield>
    <subfield code="0">(orcid)0000-0002-6558-8891</subfield>
  </datafield>
  <datafield tag="909" ind1="C" ind2="O">
    <subfield code="o">oai:rodare.hzdr.de:3983</subfield>
    <subfield code="p">user-rodare</subfield>
  </datafield>
  <datafield tag="024" ind1=" " ind2=" ">
    <subfield code="a">10.14278/rodare.3983</subfield>
    <subfield code="2">doi</subfield>
  </datafield>
  <datafield tag="542" ind1=" " ind2=" ">
    <subfield code="l">open</subfield>
  </datafield>
  <datafield tag="540" ind1=" " ind2=" ">
    <subfield code="u">https://creativecommons.org/licenses/by/4.0/legalcode</subfield>
    <subfield code="a">Creative Commons Attribution 4.0 International</subfield>
  </datafield>
  <datafield tag="245" ind1=" " ind2=" ">
    <subfield code="a">Data and code publication: Aperiodic clustered and periodic hexagonal vegetation spot arrays explained by inhomogeneous environments and climate trends in arid ecosystems.</subfield>
  </datafield>
  <datafield tag="260" ind1=" " ind2=" ">
    <subfield code="c">2025-09-18</subfield>
  </datafield>
  <datafield tag="856" ind1="4" ind2=" ">
    <subfield code="s">36402494</subfield>
    <subfield code="u">https://rodare.hzdr.de/record/3983/files/Data.zip</subfield>
    <subfield code="z">md5:cf8a4ba6db5072fec413f519e3a6b048</subfield>
  </datafield>
</record>
255
11
views
downloads
All versions This version
Views 255255
Downloads 1111
Data volume 400.4 MB400.4 MB
Unique views 228228
Unique downloads 1010

Share

Cite as